000 00951nam a2200337Ia 4500
001 3041
003 IT-RoPAU
008 130308s9999 xx 000 0 und d
040 _aIT-RoPAU
040 _cIT-RoPAU
041 _aFRANCESE
100 _aAA.VV.
100 _gCodice Aut. SPICS: 12000
242 _aCOMUNICAZIONE AUDIOVISIVA (LA)
242 _nCod. Traduzione Titolo: 3155
242 _yITA
245 _aCommunication audiovisuelle (La)
245 _bCommunication Audiovisuelle (La)
250 _a1a ed.
260 _aSHERBROOKE
260 _bEditions Paulines
260 _c1969 [1° Ed.:1969 - Ed.Ling.Originale:1969]
300 _a"318 p. (prefazione: no ; testo: 318)"
500 _aComunicazione Audiovisiva Strumenti Segni Fatti scritti di Autori Vari
650 _aTEORIA DELLA COMUNICAZIONE SOCIALE
650 _eCodice materia Spics: 3802
942 _cBK
957 _71
999 _c67011
_d67011
999 _bSI
999 _g1